Statistics for Great Gatsby Book Trivia

Click here to take the quiz!

General Stats

  • This quiz has been taken 1,029 times
    (1,028 since last reset)
  • The average score is 9 of 16

Answer Stats

Hint Answer % Correct
Who drives the car that kills Myrtle?Daisy
92%
What region do Nick and Gatsby live in?West Egg
90%
What does Gatsby regularly call Nick?Old Sport
88%
What sport does Jordan play?Golf
82%
What colour is Tom's car?Blue
72%
What is Jay Gatsby's real name?James Gatz
68%
When Gatsby meets Daisy at Nick's house, what does he knock off of the mantle?A Clock
66%
How much does the dog that Myrtle buys in New York cost?$10
64%
Where were Tom and Nick educated?Yale
62%
Who kills Gatsby?George Wilson
62%
What year of the World Series did Meyer Wolfshiem fix?1919
58%
What are Meyer Wolfshiem's cufflinks made of?Human Molars
57%
Which businessman inspired Gatsby to become wealthy?Dan Cody
31%
What is Nick's home state?Minnesota
24%
Where did Daisy meet Gatsby?Louisville
21%
Who claims to be in the "artistic game"?Mr. McKee
10%

Score Distribution

Percentile by Number Answered

Percent of People with Each Score

Your Score History

You have not taken this quiz since the last reset